[Event "Karlsruhe Grenke op"]
[Site "Karlsruhe"]
[Date "2024.03.29"]
[Round "2"]
[White "Boev, Viktor"]
[Black "Ivic, Velimir"]
[Result "0-1"]
[WhiteElo "2242"]
[BlackElo "2582"]
[PlyCount "80"]
[EventDate "2024.03.28"]
[EventType "swiss"]
[EventRounds "9"]
[EventCountry "GER"]
[SourceTitle "CB14_2024"]
[SourceDate "2024.04.01"]
[SourceVersion "1"]
[SourceVersionDate "2024.04.01"]
[SourceQuality "1"]

1. e4 c5 2. Nf3 d6 3. Bb5+ Nd7 4. 0-0 a6 5. Bd3 e6 6. c3 Ngf6 7. Bc2 b5 8. d4 Bb7 9. Nbd2 Be7 10. Re1 Qc7 11. Nf1 0-0 12. Ng3 Rfc8 13. Bd3 Bf8 14. h3 e5 15. d5 c4 16. Bc2 g6 17. a4 Rcb8 18. Be3 Nc5 19. a5 Bc8 20. Nd2 Nfd7 21. Ne2 Nb7 22. b4 cxb3 23. Nxb3 Ndc5 24. Qb1 Na4 25. Rc1 Bd7 26. Qa2 Rc8 27. Nd2 Nxc3 28. Nxc3 Qxc3 29. Nb3 Qc7 30. Bd3 Qd8 31. Qa3 Qe7 32. Rxc8 Rxc8 33. Nc1 Qh4 34. Na2 Nc5 35. Nb4 Nxe4 36. Nxa6 Rc3 37. Qb2 Rxd3 38. Nb8 Bc8 39. Qxb5 Rxe3 40. fxe3 Qf2+ 0-1

[Event "PNWCC vs Plovdiv Hybrid"]
[Site "Chess.com INT"]
[Date "2022.03.13"]
[Round "3"]
[White "Boev, Viktor"]
[Black "Dixit, Arun"]
[Result "1-0"]
[WhiteElo "2262"]
[BlackElo "2192"]
[PlyCount "69"]
[EventDate "2022.03.12"]
[EventType "team-tourn"]
[EventRounds "4"]
[EventCountry "NET"]
[SourceTitle "EXT 2023"]
[Source "ChessBase"]
[SourceDate "2022.10.05"]
[SourceVersion "1"]
[SourceVersionDate "2022.10.05"]
[SourceQuality "1"]
[WhiteTeam "Plovdiv"]
[BlackTeam "PNWCC"]
[WhiteTeamCountry "BUL"]
[BlackTeamCountry "USA"]

1. e4 c5 2. Nf3 g6 3. c3 d5 4. exd5 Qxd5 5. d4 Bg7 6. Be2 cxd4 7. cxd4 Nf6 8. Nc3 Qd8 9. 0-0 0-0 10. Ne5 Nc6 11. Nxc6 bxc6 12. Bf3 Nd5 13. Bg5 Rb8 14. Qd2 Be6 15. Rfd1 Re8 16. Rac1 Nxc3 17. Rxc3 Bd5 18. Bxd5 Qxd5 19. b3 Bxd4 20. Qxd4 Qxg5 21. Qxa7 Ra8 22. Qd7 Qa5 23. Qxc6 Qxa2 24. h4 Qa6 25. Qf3 Rad8 26. h5 Rxd1+ 27. Qxd1 Kg7 28. Qd2 Qf6 29. h6+ Kf8 30. b4 Ra8 31. Qb2 Rd8 32. g3 g5 33. b5 Qd4 34. Rd3 Qxd3 35. Qh8# 1-0

[Event "PNWCC vs Plovdiv Hybrid"]
[Site "Chess.com INT"]
[Date "2022.03.13"]
[Round "2"]
[White "Boev, Viktor"]
[Black "Penagalapati, Abhinav"]
[Result "1/2-1/2"]
[WhiteElo "2262"]
[BlackElo "2114"]
[PlyCount "72"]
[EventDate "2022.03.12"]
[EventType "team-tourn"]
[EventRounds "4"]
[EventCountry "NET"]
[SourceTitle "EXT 2023"]
[Source "ChessBase"]
[SourceDate "2022.10.05"]
[SourceVersion "1"]
[SourceVersionDate "2022.10.05"]
[SourceQuality "1"]
[WhiteTeam "Plovdiv"]
[BlackTeam "PNWCC"]
[WhiteTeamCountry "BUL"]
[BlackTeamCountry "USA"]

1. e4 c5 2. Nf3 d6 3. Bb5+ Bd7 4. Bxd7+ Nxd7 5. 0-0 Ngf6 6. Qe2 e6 7. c3 Be7 8. d4 0-0 9. e5 Ne8 10. dxc5 Nxc5 11. Rd1 Qc7 12. Bf4 Rd8 13. Na3 Qc6 14. Nb5 a6 15. exd6 Nxd6 16. Nxd6 Bxd6 17. Bxd6 Rxd6 18. Rxd6 Qxd6 19. Rd1 Qb6 20. b4 Na4 21. Qc2 Qc6 22. Nd4 Qe8 23. c4 Nb6 24. c5 Nd5 25. Qb3 Qb8 26. a4 Rc8 27. g3 g6 28. Rc1 Qe5 29. Nf3 Qe4 30. b5 axb5 31. axb5 Nf6 32. Qc3 Nd5 33. Qa3 Qe2 34. Qb3 Ra8 35. Re1 Qa2 36. Qxa2 Rxa2 1/2-1/2

[Event "PNWCC-Bulgaria Hybrid m3"]
[Site "Chess.com INT"]
[Date "2022.01.30"]
[Round "3"]
[White "Boev, Viktor"]
[Black "Sivakumar, Shaaketh"]
[Result "1-0"]
[WhiteElo "2267"]
[BlackElo "2084"]
[PlyCount "66"]
[EventDate "2022.01.29"]
[EventType "team-match"]
[EventRounds "4"]
[EventCountry "USA"]
[SourceTitle "CBM 206 Extra"]
[Source "ChessBase"]
[SourceDate "2022.03.31"]
[SourceVersion "1"]
[SourceVersionDate "2022.03.31"]
[SourceQuality "1"]
[WhiteTeam "Bulgaria"]
[BlackTeam "PNWCC"]
[WhiteTeamCountry "BUL"]
[BlackTeamCountry "USA"]

1. c4 c5 2. Nc3 Nc6 3. Nf3 g6 4. e3 Bg7 5. d4 cxd4 6. exd4 d6 7. d5 Ne5 8. Nxe5 Bxe5 9. Be2 Bg7 10. 0-0 Nf6 11. Be3 0-0 12. Qd2 Bd7 13. f3 a6 14. Rfe1 Rc8 15. Rad1 Qa5 16. a3 Ne8 17. Bf1 Be5 18. Qf2 Bxc3 19. bxc3 e5 20. Rb1 b5 21. Bb6 Qxc3 22. Re3 Rxc4 23. Rxc3 Rxc3 24. Qb2 Rc8 25. Rc1 Nf6 26. Bc7 Ne8 27. Ba5 Rxc1 28. Qxc1 f5 29. Qe3 Rf7 30. Qa7 Bc6 31. Qxa6 Bxd5 32. Qxb5 Nf6 33. Bd8 Rb7 1-0

[Event "PNWCC-Bulgaria Hybrid m2"]
[Site "Chess.com INT"]
[Date "2021.12.20"]
[Round "6"]
[White "Boev, Viktor"]
[Black "Penagalapati, Abhinav"]
[Result "1/2-1/2"]
[WhiteElo "2286"]
[BlackElo "2045"]
[PlyCount "91"]
[EventDate "2021.12.18"]
[EventType "team-match"]
[EventRounds "12"]
[EventCountry "USA"]
[SourceTitle "CBM 206 Extra"]
[Source "ChessBase"]
[SourceDate "2022.03.31"]
[SourceVersion "1"]
[SourceVersionDate "2022.03.31"]
[SourceQuality "1"]
[WhiteTeam "Bulgaria"]
[BlackTeam "PNWCC"]
[WhiteTeamCountry "BUL"]
[BlackTeamCountry "USA"]

1. e4 c5 2. Nf3 d6 3. Bb5+ Nc6 4. 0-0 Nf6 5. Re1 Bd7 6. c3 a6 7. Bf1 Bg4 8. d4 cxd4 9. cxd4 e5 10. d5 Nd4 11. Be3 Nxf3+ 12. gxf3 Bd7 13. Nc3 Nh5 14. Ne2 Be7 15. Bg2 0-0 16. f4 f5 17. exf5 exf4 18. Bxf4 Rxf5 19. Be3 Rf8 20. Qd2 Nf6 21. Nd4 Ng4 22. Ne6 Bxe6 23. dxe6 Nxe3 24. Qxe3 Qa5 25. Rac1 Rf5 26. Qd4 Raf8 27. Re2 Qd8 28. Bxb7 Rg5+ 29. Kh1 Qb8 30. Bg2 Qe8 31. f4 Rg4 32. Rf1 Rh4 33. Bd5 Qh5 34. Rg2 g6 35. Bc4 a5 36. b3 d5 37. Qxd5 Qxd5 38. Bxd5 Rhxf4 39. Rxf4 Rxf4 40. Rd2 Rf1+ 41. Kg2 Re1 42. Rf2 Re5 43. Bc4 Rg5+ 44. Kh1 Rf5 45. Rd2 Kg7 46. Kg2 1/2-1/2

[Event "Primorsko op"]
[Site "Primorsko"]
[Date "2021.09.21"]
[Round "9"]
[White "Boev, Viktor"]
[Black "Tarhan, Adar"]
[Result "1-0"]
[WhiteElo "2257"]
[BlackElo "2121"]
[PlyCount "97"]
[EventDate "2021.09.13"]
[EventType "swiss"]
[EventRounds "9"]
[EventCountry "BUL"]
[SourceTitle "CBM 204 Extra"]
[Source "ChessBase"]
[SourceDate "2021.11.30"]
[SourceVersion "1"]
[SourceVersionDate "2021.11.30"]
[SourceQuality "1"]

1. d4 d5 2. Nc3 Bf5 3. Bf4 Nf6 4. e3 e6 5. Bd3 c6 6. h4 Nbd7 7. h5 Qb6 8. a3 Bxd3 9. cxd3 Qxb2 10. Nge2 Qb6 11. e4 dxe4 12. dxe4 Qa5 13. Qb3 Nb6 14. Kf1 Be7 15. h6 g6 16. Rh3 0-0 17. Kg1 Qa6 18. Rf3 Nxe4 19. Nxe4 Qxe2 20. Nc5 Nd5 21. Nd7 Rfd8 22. Qxb7 Qb5 23. Rb1 Qa4 24. Be5 Qc2 25. Nb8 Rf8 26. Rf1 Raxb8 27. Bxb8 Qd2 28. Bxa7 Qxh6 29. Bc5 Bxc5 30. dxc5 Nf4 31. Re1 Qg5 32. g3 Nh3+ 33. Kg2 Qd5 34. Qb3 Ng5 35. Qxd5 exd5 36. Rb3 Ne4 37. Rc1 Ra8 38. Rb6 Rxa3 39. Rxc6 Ra2 40. Rc8+ Kg7 41. c6 Nxf2 42. Kf1 Ne4 43. c7 Nd2+ 44. Ke2 Nb3+ 45. Kd1 Nxc1 46. Rb8 Nd3 47. c8Q Nf2+ 48. Ke1 Ne4 49. Qf8+ 1-0

[Event "Primorsko op"]
[Site "Primorsko"]
[Date "2021.09.18"]
[Round "6"]
[White "Boev, Viktor"]
[Black "Georgiev, Todor"]
[Result "0-1"]
[WhiteElo "2257"]
[BlackElo "2247"]
[PlyCount "110"]
[EventDate "2021.09.13"]
[EventType "swiss"]
[EventRounds "9"]
[EventCountry "BUL"]
[SourceTitle "CBM 204 Extra"]
[Source "ChessBase"]
[SourceDate "2021.11.30"]
[SourceVersion "1"]
[SourceVersionDate "2021.11.30"]
[SourceQuality "1"]

1. d4 g6 2. e4 Bg7 3. Nc3 c6 4. Nf3 d5 5. h3 dxe4 6. Nxe4 Nd7 7. Bd3 Ngf6 8. Nxf6+ Nxf6 9. 0-0 0-0 10. Re1 b6 11. Qe2 e6 12. Bg5 Bb7 13. Rad1 Qc8 14. Ne5 Nd5 15. Ng4 Qc7 16. Bh6 Bxh6 17. Nxh6+ Kg7 18. Ng4 Nf6 19. Nxf6 Kxf6 20. Qd2 Kg7 21. Re4 Qe7 22. g3 c5 23. Rh4 h5 24. dxc5 Qxc5 25. Be4 Rad8 26. Qe2 Qe5 27. Re1 Bxe4 28. Rxe4 Qxb2 29. a4 Rd7 30. Rc4 Rfd8 31. Kg2 Rd2 32. Qe4 Qf6 33. Qf3 Qxf3+ 34. Kxf3 R8d4 35. Rc7 Rd7 36. Rc4 Kf6 37. c3 R7d5 38. Ree4 Rd7 39. h4 Ke7 40. Rc8 Ra2 41. Kg2 Rad2 42. Rc6 R2d5 43. Kf1 Rc5 44. Rxc5 bxc5 45. Ke2 f5 46. Re3 Rd5 47. f4 Kd6 48. Kf3 c4 49. Ke2 Ra5 50. Kd2 Rxa4 51. Re1 Ra2+ 52. Ke3 Rg2 53. Kd4 Rxg3 54. Ra1 Rf3 55. Ra6+ Ke7 0-1

[Event "Primorsko op"]
[Site "Primorsko"]
[Date "2021.09.15"]
[Round "3"]
[White "Boev, Viktor"]
[Black "Spasov, Vasil"]
[Result "1/2-1/2"]
[WhiteElo "2257"]
[BlackElo "2502"]
[PlyCount "20"]
[EventDate "2021.09.13"]
[EventType "swiss"]
[EventRounds "9"]
[EventCountry "BUL"]
[SourceTitle "CBM 204 Extra"]
[Source "ChessBase"]
[SourceDate "2021.11.30"]
[SourceVersion "1"]
[SourceVersionDate "2021.11.30"]
[SourceQuality "1"]

1. Nf3 Nf6 2. g3 g6 3. Bg2 Bg7 4. 0-0 0-0 5. d3 d6 6. e4 e5 7. Re1 c5 8. c3 Nc6 9. a3 b6 10. b4 Bb7 1/2-1/2

[Event "EU-ch U18"]
[Site "Bratislava"]
[Date "2019.08.09"]
[Round "8"]
[White "Nordquelle, Daniel"]
[Black "Boev, Viktor"]
[Result "1/2-1/2"]
[WhiteElo "2117"]
[BlackElo "2246"]
[PlyCount "101"]
[EventDate "2019.08.02"]
[EventType "swiss"]
[EventRounds "9"]
[EventCountry "SVK"]
[SourceTitle "CBM 191 Extra"]
[Source "ChessBase"]
[SourceDate "2019.09.30"]
[SourceVersion "1"]
[SourceVersionDate "2019.09.30"]
[SourceQuality "1"]

1. e4 c5 2. Nf3 e6 3. c4 Nc6 4. Nc3 Nge7 5. Be2 a6 6. 0-0 Qc7 7. Re1 Nd4 8. Nxd4 cxd4 9. Nb1 g6 10. d3 Bg7 11. b4 0-0 12. a4 d5 13. exd5 exd5 14. c5 a5 15. bxa5 Rxa5 16. Na3 Bd7 17. Bg5 Bxa4 18. Qd2 Nc8 19. Qb4 Qxc5 20. Qxb7 Bc6 21. Qb2 Qc3 22. Qa2 Qc5 23. Rec1 Qd6 24. Bd2 Ra6 25. Qb2 Rb6 26. Qa2 Ne7 27. Ba5 Rb7 28. Rcb1 Rfb8 29. Rxb7 Rxb7 30. Nc2 Nf5 31. Bd2 h5 32. g3 Be5 33. Kg2 Kg7 34. Rb1 Rxb1 35. Qxb1 Bd7 36. Ne1 Qe6 37. Qd1 Bf6 38. Nf3 Ba4 39. Qe1 Bc2 40. Bf4 Qb6 41. Qd2 Qb1 42. h4 Ba4 43. Be5 Bb5 44. Bxf6+ Kxf6 45. Nxd4 Nxd4 46. Qg5+ Kg7 47. Qe5+ Kg8 48. Qxd4 Qb3 49. Bf3 Qxd3 50. Qxd3 Bxd3 51. Bxd5 1/2-1/2

[Event "EU-ch U18"]
[Site "Bratislava"]
[Date "2019.08.07"]
[Round "6"]
[White "Oboladze, Luka"]
[Black "Boev, Viktor"]
[Result "1/2-1/2"]
[WhiteElo "2323"]
[BlackElo "2246"]
[PlyCount "55"]
[EventDate "2019.08.02"]
[EventType "swiss"]
[EventRounds "9"]
[EventCountry "SVK"]
[SourceTitle "CBM 191 Extra"]
[Source "ChessBase"]
[SourceDate "2019.09.30"]
[SourceVersion "1"]
[SourceVersionDate "2019.09.30"]
[SourceQuality "1"]

1. c4 e6 2. Nf3 d5 3. g3 Nf6 4. Bg2 Be7 5. 0-0 0-0 6. d4 dxc4 7. Ne5 Nc6 8. Nxc6 bxc6 9. Na3 Bxa3 10. bxa3 Rb8 11. Qa4 Qxd4 12. Be3 Qb2 13. Qxc4 e5 14. Bxa7 Be6 15. Qxc6 Rbc8 16. Bc5 Rfd8 17. e3 Rd2 18. Bb4 Rxf2 19. Rxf2 Qxa1+ 20. Rf1 Qxa2 21. Qc3 Ng4 22. Qd2 c5 23. Qxa2 Bxa2 24. Rc1 Nxe3 25. Bh3 f5 26. Rxc5 Rxc5 27. Bxc5 Ng4 28. Bxg4 1/2-1/2

[Event "BUL-ch 82nd"]
[Site "Kozloduy"]
[Date "2018.03.09"]
[Round "7"]
[White "Vutov, M Mario"]
[Black "Boev, Viktor"]
[Result "1/2-1/2"]
[WhiteElo "2334"]
[BlackElo "2015"]
[PlyCount "80"]
[EventDate "2018.03.03"]
[EventType "tourn"]
[EventRounds "9"]
[EventCountry "BUL"]
[EventCategory "6"]
[SourceTitle "CBM 183 Extra"]
[Source "ChessBase"]
[SourceDate "2018.04.19"]
[SourceVersion "1"]
[SourceVersionDate "2018.04.19"]
[SourceQuality "1"]

1. e4 e5 2. Nf3 Nc6 3. Bb5 a6 4. Ba4 Nf6 5. 0-0 Be7 6. Bxc6 dxc6 7. d3 Bd6 8. Nbd2 Be6 9. b3 Qe7 10. Nc4 Bxc4 11. bxc4 b5 12. Nd2 0-0 13. a4 Nd7 14. Nb3 Nb6 15. a5 Na4 16. Be3 Rab8 17. Qg4 Bb4 18. cxb5 cxb5 19. f4 f6 20. fxe5 fxe5 21. Rf5 Kh8 22. Raf1 g6 23. Rxf8+ Rxf8 24. Rxf8+ Qxf8 25. h4 Nc5 26. Qg5 Qd6 27. Bxc5 Bxc5+ 28. Kh2 Bb4 29. h5 Kg7 30. hxg6 hxg6 31. Qg4 Kf7 32. Qe2 Bc3 33. g3 Bd4 34. Nxd4 Qxd4 35. Qd2 c5 36. Qe2 c4 37. dxc4 bxc4 38. Kh3 Kg7 39. Qg4 Qd6 40. Qc8 Qf6 1/2-1/2

[Event "BUL-ch 82nd"]
[Site "Kozloduy"]
[Date "2018.03.08"]
[Round "6"]
[White "Boev, Viktor"]
[Black "Petrov, Martin"]
[Result "1-0"]
[WhiteElo "2015"]
[BlackElo "2439"]
[PlyCount "67"]
[EventDate "2018.03.03"]
[EventType "tourn"]
[EventRounds "9"]
[EventCountry "BUL"]
[EventCategory "6"]
[SourceTitle "CBM 183 Extra"]
[Source "ChessBase"]
[SourceDate "2018.04.19"]
[SourceVersion "1"]
[SourceVersionDate "2018.04.19"]
[SourceQuality "1"]

1. e4 c5 2. Nf3 d6 3. Bb5+ Nd7 4. 0-0 a6 5. Bd3 Ngf6 6. c3 b5 7. Re1 Bb7 8. Bc2 c4 9. b4 e5 10. a4 Bc6 11. Na3 Be7 12. axb5 axb5 13. d3 cxd3 14. Bxd3 0-0 15. Bd2 Qb6 16. Qe2 Qb7 17. Nxb5 Rxa1 18. Rxa1 Ra8 19. Re1 d5 20. exd5 Nxd5 21. Nxe5 Nxe5 22. Qxe5 Bxb5 23. c4 Nxb4 24. Bf1 Bxc4 25. Bxc4 Nc6 26. Qe4 Bf8 27. Bd5 Rc8 28. Rc1 Qb2 29. Bxf7+ Kh8 30. Bg8 Kxg8 31. Qe6+ Kh8 32. Qxc8 Kg8 33. Qe6+ Kh8 34. Qf7 1-0

[Event "BUL-ch 82nd"]
[Site "Kozloduy"]
[Date "2018.03.06"]
[Round "4"]
[White "Kozhuharov, Spas"]
[Black "Boev, Viktor"]
[Result "1-0"]
[WhiteElo "2424"]
[BlackElo "2015"]
[PlyCount "67"]
[EventDate "2018.03.03"]
[EventType "tourn"]
[EventRounds "9"]
[EventCountry "BUL"]
[EventCategory "6"]
[SourceTitle "CBM 183 Extra"]
[Source "ChessBase"]
[SourceDate "2018.04.19"]
[SourceVersion "1"]
[SourceVersionDate "2018.04.19"]
[SourceQuality "1"]

1. c4 e6 2. d4 d5 3. Nf3 c6 4. g3 Nf6 5. Bg2 Nbd7 6. 0-0 Bd6 7. Nc3 dxc4 8. a4 a5 9. Bg5 h6 10. Bxf6 Qxf6 11. e3 h5 12. Qe2 e5 13. Qxc4 Bb4 14. dxe5 Nxe5 15. Nxe5 Qxe5 16. Bxc6+ Kf8 17. Qe4 Qxe4 18. Bxe4 Bxc3 19. bxc3 Rb8 20. Rfb1 b6 21. c4 Ke7 22. c5 Rh6 23. Rb2 Bd7 24. Rab1 Bxa4 25. Rxb6 Rhxb6 26. cxb6 Bd7 27. b7 Kd6 28. Rc1 a4 29. Kf1 Be6 30. Rc3 g6 31. Ke1 Ke5 32. Bg2 Rd8 33. Rd3 Rb8 34. Kd2 1-0

[Event "Skopje U2200 op"]
[Site "Skopje"]
[Date "2017.12.07"]
[Round "1"]
[White "Sahin, Hayrun Nisa"]
[Black "Boev, Viktor"]
[Result "0-1"]
[WhiteElo "1618"]
[BlackElo "2034"]
[PlyCount "42"]
[EventDate "2017.12.07"]
[EventType "swiss"]
[EventRounds "7"]
[EventCountry "MKD"]
[SourceTitle "CBM 182 Extra"]
[Source "ChessBase"]
[SourceDate "2018.02.23"]
[SourceVersion "1"]
[SourceVersionDate "2018.02.23"]
[SourceQuality "1"]

1. e4 c5 2. Nf3 e6 3. c3 d5 4. Bd3 dxe4 5. Bxe4 Nf6 6. Bc2 Nc6 7. 0-0 Be7 8. d4 cxd4 9. Nxd4 Nxd4 10. Qxd4 Qxd4 11. cxd4 Bd7 12. Nc3 Bc6 13. Be3 0-0 14. f3 Rfd8 15. Rfd1 b6 16. Be4 Rac8 17. Bxc6 Rxc6 18. Rac1 Rcd6 19. Kf2 Kf8 20. Ke2 Nd5 21. Nxd5 Rxd5 0-1

[Event "Plovdiv ChessBomb op 2nd"]
[Site "Plovdiv"]
[Date "2016.07.15"]
[Round "5"]
[White "Kichukov, Milko"]
[Black "Boev, Viktor"]
[Result "0-1"]
[WhiteElo "1798"]
[BlackElo "2001"]
[PlyCount "124"]
[EventDate "2016.07.12"]
[EventType "swiss"]
[EventRounds "7"]
[EventCountry "BUL"]
[SourceTitle "CBM 173 Extra"]
[Source "ChessBase"]
[SourceDate "2016.08.29"]
[SourceVersion "1"]
[SourceVersionDate "2016.08.29"]
[SourceQuality "1"]

1. e4 c6 2. d4 d5 3. e5 c5 4. Nf3 cxd4 5. Nxd4 Nc6 6. Bb5 Bd7 7. Nxc6 bxc6 8. Bd3 e6 9. 0-0 c5 10. c3 Qb6 11. b3 Ne7 12. Nd2 Nc6 13. Nf3 g6 14. Bf4 Bg7 15. Qd2 f5 16. exf6 Bxf6 17. Rae1 0-0 18. Ne5 Nxe5 19. Bxe5 Bxe5 20. Rxe5 Kg7 21. Be2 Qd6 22. Rg5 Qf4 23. Qxf4 Rxf4 24. Bd3 Kf6 25. Rg3 Rb8 26. Re3 Bb5 27. Bxb5 Rxb5 28. Rfe1 Rb6 29. g3 Rf5 30. f4 a5 31. Rb1 Ke7 32. a3 Rf8 33. b4 Rfb8 34. Rbe1 axb4 35. axb4 cxb4 36. cxb4 Rc6 37. Rb1 Rb5 38. Kg2 Rc4 39. Reb3 Kf6 40. Kf3 h5 41. h3 Re4 42. R3b2 g5 43. fxg5+ Kxg5 44. h4+ Kf5 45. Rb3 Rc4 46. R1b2 e5 47. Kg2 e4 48. Rf2+ Ke5 49. Rfb2 d4 50. Kf2 d3 51. Ke3 Rc1 52. Rg2 Re1+ 53. Kd2 Rf1 54. Kc3 Rc1+ 55. Kb2 Rc4 56. Ka3 Kd4 57. g4 e3 58. gxh5 e2 59. Rg4+ Ke3 60. Rg3+ Kf4 61. Rbxd3 e1Q 62. Rgf3+ Ke4 0-1

[Event "Plovdiv ChessBomb op 2nd"]
[Site "Plovdiv"]
[Date "2016.07.14"]
[Round "4"]
[White "Boev, Viktor"]
[Black "Kolev, Hristian"]
[Result "0-1"]
[WhiteElo "2001"]
[BlackElo "1860"]
[PlyCount "114"]
[EventDate "2016.07.12"]
[EventType "swiss"]
[EventRounds "7"]
[EventCountry "BUL"]
[SourceTitle "CBM 173 Extra"]
[Source "ChessBase"]
[SourceDate "2016.08.29"]
[SourceVersion "1"]
[SourceVersionDate "2016.08.29"]
[SourceQuality "1"]

1. e4 c5 2. Nc3 g6 3. f4 Bg7 4. Nf3 Nc6 5. Bb5 Nd4 6. 0-0 a6 7. Bd3 d6 8. Nxd4 cxd4 9. Ne2 Nf6 10. c3 dxc3 11. dxc3 0-0 12. h3 b5 13. Be3 Bb7 14. Ng3 Nd7 15. Qe2 Qc7 16. a4 Nc5 17. axb5 axb5 18. Bxb5 Nxe4 19. Nxe4 Bxe4 20. c4 Qb7 21. Ra3 Rfb8 22. Rfa1 Rxa3 23. Rxa3 Ra8 24. Qd2 h5 25. Kh2 h4 26. Rxa8+ Qxa8 27. c5 dxc5 28. Bxc5 Bf6 29. b4 Qa3 30. Qf2 Qb3 31. Be2 Bc6 32. Qe3 Qxe3 33. Bxe3 e5 34. Ba6 exf4 35. Bxf4 Bd4 36. b5 Bd5 37. Bc7 Bc4 38. g3 hxg3+ 39. Kxg3 f6 40. Kf4 Bd3 41. h4 Kg7 42. Kg4 Kf7 43. Kf4 Ke7 44. Kg4 Kd7 45. Kf4 Bf2 46. h5 gxh5 47. Ba5 h4 48. Kf3 Bg3 49. Bb4 Be5 50. Kg4 Bg3 51. Kf3 Ke8 52. Bc5 Kf7 53. Bf2 Bxf2 54. Kxf2 Kg6 55. Kf3 Kg5 56. Kg2 f5 57. Kf3 Bc4 0-1

[Event "Varna op U12"]
[Site "Varna"]
[Date "2013.07.02"]
[Round "8"]
[White "Varbanov, Vladimir"]
[Black "Boev, Viktor"]
[Result "0-1"]
[WhiteElo "1680"]
[BlackElo "1608"]
[PlyCount "64"]
[EventDate "2013.06.24"]
[EventType "swiss"]
[EventRounds "9"]
[EventCountry "BUL"]
[SourceTitle "EXT 2014"]
[Source "ChessBase"]
[SourceDate "2013.11.20"]
[SourceVersion "1"]
[SourceVersionDate "2013.11.20"]
[SourceQuality "1"]

1. d4 Nf6 2. c4 g6 3. Nc3 Bg7 4. e4 d6 5. Nf3 0-0 6. Be2 e5 7. 0-0 Nc6 8. d5 Ne7 9. b4 a5 10. Ba3 axb4 11. Bxb4 b6 12. a4 Ne8 13. Nb5 f5 14. Nd2 c6 15. Nc3 c5 16. Ba3 Nf6 17. Re1 Bd7 18. Bf3 g5 19. exf5 Nxf5 20. Nde4 h6 21. Bb2 Qe7 22. Ne2 g4 23. Nxf6+ Qxf6 24. Bxg4 Nh4 25. Bf3 Nxf3+ 26. gxf3 Qxf3 27. Ng3 Qxf2+ 28. Kh1 Qxb2 29. Re2 Qd4 30. Qc1 Rf2 31. Re4 Qd2 32. Qg1 Bh3 0-1

[Event "Varna op U12"]
[Site "Varna"]
[Date "2013.06.28"]
[Round "4"]
[White "Yordanov, Lachezar"]
[Black "Boev, Viktor"]
[Result "1/2-1/2"]
[WhiteElo "1614"]
[BlackElo "1608"]
[PlyCount "76"]
[EventDate "2013.06.24"]
[EventType "swiss"]
[EventRounds "9"]
[EventCountry "BUL"]
[SourceTitle "EXT 2014"]
[Source "ChessBase"]
[SourceDate "2013.11.20"]
[SourceVersion "1"]
[SourceVersionDate "2013.11.20"]
[SourceQuality "1"]

1. d4 Nf6 2. c4 g6 3. Nc3 Bg7 4. e4 d6 5. Be2 0-0 6. Bg5 Qe8 7. Qd2 e5 8. d5 Nfd7 9. Nf3 a5 10. 0-0 Na6 11. Rac1 Ndc5 12. Ne1 f5 13. f3 f4 14. Bh4 Bf6 15. Bf2 b6 16. Nd3 Nxd3 17. Bxd3 g5 18. Rfe1 h5 19. Kf1 Rf7 20. Ke2 Rg7 21. Kd1 g4 22. Kc2 Kh8 23. Rg1 Qe7 24. Kb1 Bd7 25. Rcd1 Rag8 26. Be2 gxf3 27. gxf3 Rxg1 28. Rxg1 Rxg1+ 29. Bxg1 Qg7 30. Qe1 Qg2 31. Qf1 Qxf1+ 32. Bxf1 Bh4 33. Nd1 Kg7 34. Bf2 Bd8 35. Nc3 Nc5 36. Kc2 Kh6 37. b3 h4 38. a3 Na6 1/2-1/2